Estudios sociológicos: sociología rural
Saved in:
| Institution som forfatter: | |
|---|---|
| Format: | Bog |
| Sprog: | spansk |
| Udgivet: |
Ciudad de México
Gráfica Panamericana
1957
|
| Fag: | |
| Tags: |
Tilføj Tag
Ingen Tags, Vær først til at tagge denne postø!
|
MARC
| LEADER | 00000nam a2200000 a 4500 | ||
|---|---|---|---|
| 001 | UCQ0456 | ||
| 003 | CL-VaPUC | ||
| 005 | 20220315074415.0 | ||
| 008 | 980627e19570000mx 1 spa d | ||
| 082 | 0 | 4 | |a 307.72 |b INS |2 21 |
| 110 | 2 | |a Instituto de Investigaciones Sociales de la Universidad Nacional Autónoma de México |e author |9 619042 | |
| 245 | 1 | 0 | |a Estudios sociológicos: sociología rural |
| 260 | |a Ciudad de México |b Gráfica Panamericana |c 1957 | ||
| 300 | |a v | ||
| 583 | |a last modification |c 19980627 00:00:00 |k Rodrigo Vera | ||
| 650 | 0 | 7 | |a SOCIOLOGIA RURAL |2 CL-VaPUC |9 264560 |
| 650 | 0 | 7 | |a MEDIO RURAL |2 CL-VaPUC |9 356509 |
| 650 | 0 | 7 | |a POBLACION RURAL |2 CL-VaPUC |9 308935 |
| 650 | 0 | 0 | |a Condiciones económicas |9 258255 |
| 650 | 0 | 7 | |a ECONOMIA AGRICOLA |2 CL-VaPUC |9 357663 |
| 650 | 0 | 0 | |a Congresos |9 257560 |
| 651 | 0 | |a México |9 255269 | |
| 942 | |c BK | ||
| 945 | |a crobeson |d 19980627 00:00:00 | ||
| 546 | |a En Español | ||
| 518 | |p Congreso Nacional de Sociología, 6, Morelia, 28 de noviembre al 2 de diciembre de 1955 | ||
| 999 | |c 383217 |d 383215 | ||